[Event "46. Toreno La Roda 2019"]
[Site "La Roda ESP"]
[Date "2019.04.19"]
[Round "5.20"]
[White "Martin Duque, Jesus"]
[Black "Rodriguez Garcia, Carlos"]
[Result "1/2-1/2"]
[WhiteElo "2386"]
[BlackElo "2131"]
[PlyCount "132"]
[EventDate "2019.04.17"]
[EventType "swiss"]
[EventRounds "9"]
[EventCountry "ESP"]
[SourceTitle "Ajedrez en Madrid"]
[Source "lmi"]
[SourceDate "2019.04.17"]
[SourceVersion "1"]
[SourceVersionDate "2019.04.22"]
[SourceQuality "1"]

1. e4 e6 2. d4 d5 3. Nc3 Nf6 4. e5 Nfd7 5. f4 c5 6. Nf3 Nc6 7. Be3 a6 8. Qd2 b5
9. dxc5 Bxc5 10. Bd3 d4 11. Nxd4 Nxd4 12. Be4 Nxc2+ 13. Bxc2 Qb6 14. Bxc5 Nxc5
15. O-O-O O-O 16. Qd4 Bb7 17. b4 Na4 18. Bxa4 Qxd4 19. Rxd4 bxa4 20. Nxa4 Bxg2
21. Rhd1 Bc6 22. Nc3 h6 23. Rc4 Rfc8 24. Kb2 Bg2 25. Rxc8+ Rxc8 26. Kb3 Kh7 27.
a4 Bh3 28. b5 axb5 29. axb5 g5 30. fxg5 hxg5 31. Kb4 Kg6 32. b6 Bg2 33. Rg1 Bf3
34. Nb5 Rh8 35. Rg3 Bd5 36. Nc3 Bh1 37. h3 Kf5 38. Re3 Kf4 39. Re1 Rxh3 40.
Ne2+ Kg4 41. Rg1+ Kh4 42. Kc5 Bd5 43. Rb1 Re3 44. Nd4 Rxe5 45. Kd6 Re3 46. Nc6
Bxc6 47. Kxc6 Rd3 48. Kc7 Rc3+ 49. Kd8 Rd3+ 50. Ke8 Kg4 51. b7 Rh3 52. b8=Q
Rh8+ 53. Kxf7 Rxb8 54. Rxb8 Kf3 55. Kxe6 g4 56. Kf5 g3 57. Rb3+ Kf2 58. Kf4 g2
59. Rb2+ Kf1 60. Kf3 g1=N+ 61. Ke3 Nh3 62. Rb4 Ng1 63. Rb2 Nh3 64. Kf3 Ng1+ 65.
Kf4 Ne2+ 66. Ke3 Ng1 1/2-1/2

[Event "46. Toreno La Roda 2019"]
[Site "La Roda ESP"]
[Date "2019.04.19"]
[Round "5.21"]
[White "Garrido Outon, Alex"]
[Black "Valmana Canto, Jaime"]
[Result "0-1"]
[WhiteElo "2167"]
[BlackElo "2377"]
[PlyCount "64"]
[EventDate "2019.04.17"]
[EventType "swiss"]
[EventRounds "9"]
[EventCountry "ESP"]
[SourceTitle "Ajedrez en Madrid"]
[Source "lmi"]
[SourceDate "2019.04.17"]
[SourceVersion "1"]
[SourceVersionDate "2019.04.22"]
[SourceQuality "1"]

1. e4 c5 2. Nf3 Nc6 3. d4 cxd4 4. Nxd4 Nf6 5. Nc3 e5 6. Ndb5 d6 7. Bg5 a6 8.
Na3 b5 9. Nd5 Be7 10. Bxf6 Bxf6 11. c4 b4 12. Nc2 a5 13. g3 O-O 14. Bg2 Be7 15.
O-O Be6 16. Qd3 Qb8 17. b3 Bd8 18. f4 exf4 19. gxf4 a4 20. Kh1 Ra7 21. Qg3 Kh8
22. Rab1 axb3 23. Qxb3 Rb7 24. Qd3 Qc8 25. Nce3 Re8 26. Rb2 Ra7 27. Nxb4 Nxb4
28. Rxb4 Rxa2 29. Rfb1 Bh3 30. Bf3 Qe6 31. Qd5 Qf6 32. Rb7 Qxf4 0-1

[Event "46. Toreno La Roda 2019"]
[Site "La Roda ESP"]
[Date "2019.04.19"]
[Round "5.22"]
[White "Gonzalez Trigal, Jose Luis"]
[Black "Pintor, Simao Maciel Abranc"]
[Result "1-0"]
[WhiteElo "2351"]
[BlackElo "2086"]
[PlyCount "87"]
[EventDate "2019.04.17"]
[EventType "swiss"]
[EventRounds "9"]
[EventCountry "ESP"]
[SourceTitle "Ajedrez en Madrid"]
[Source "lmi"]
[SourceDate "2019.04.17"]
[SourceVersion "1"]
[SourceVersionDate "2019.04.22"]
[SourceQuality "1"]

1. d4 d5 2. c4 e6 3. Nc3 c5 4. cxd5 exd5 5. Nf3 Nc6 6. g3 Nf6 7. Bg2 Be7 8. O-O
O-O 9. Bg5 cxd4 10. Nxd4 h6 11. Be3 Bg4 12. Qa4 Na5 13. Rad1 Nc4 14. Qb3 Nxe3
15. fxe3 Qb6 16. Nxd5 Nxd5 17. Bxd5 Qxb3 18. axb3 Bg5 19. Rd3 Rad8 20. e4 Kh8
21. h4 Bf6 22. e3 Rfe8 23. Kg2 Be6 24. Bxb7 Rd6 25. Ra1 Rb8 26. Bd5 Bxd5 27.
exd5 Rxd5 28. Rxa7 Rbd8 29. Rxf7 Kg8 30. Rc7 Bxd4 31. Rxd4 Rxd4 32. exd4 Rxd4
33. Rc3 Rd2+ 34. Kf3 Rxb2 35. Ke4 Kf7 36. Kd5 Kf6 37. Kc5 g5 38. hxg5+ hxg5 39.
b4 g4 40. b5 Ke6 41. Rc4 Kf5 42. b6 Rb3 43. Rb4 Rc3+ 44. Kd4 1-0

[Event "46. Toreno La Roda 2019"]
[Site "La Roda ESP"]
[Date "2019.04.20"]
[Round "6.1"]
[White "Perez Candelario, Manuel"]
[Black "Solodovnichenko, Yuri"]
[Result "1/2-1/2"]
[WhiteElo "2615"]
[BlackElo "2554"]
[PlyCount "103"]
[EventDate "2019.04.17"]
[EventType "swiss"]
[EventRounds "9"]
[EventCountry "ESP"]
[SourceTitle "Ajedrez en Madrid"]
[Source "lmi"]
[SourceDate "2019.04.17"]
[SourceVersion "1"]
[SourceVersionDate "2019.04.22"]
[SourceQuality "1"]

1. e4 c5 2. Nf3 d6 3. d4 cxd4 4. Nxd4 Nf6 5. Nc3 a6 6. g3 e5 7. Nb3 Be6 8. Bg2
Nbd7 9. a4 Be7 10. O-O O-O 11. Re1 Rc8 12. Nd2 Re8 13. Nf1 Rc4 14. Ne3 Rd4 15.
Qe2 Nb6 16. b3 d5 17. a5 Bb4 18. Bb2 Qc8 19. exd5 Bd7 20. axb6 Bxc3 21. Bxc3
Qxc3 22. Rad1 e4 23. Rxd4 Qxd4 24. Rd1 Qxb6 25. h3 h6 26. Qd2 Qc7 27. Qd4 a5
28. d6 Qc6 29. Nc4 b5 30. Ne3 Rc8 31. c4 a4 32. cxb5 Qxb5 33. bxa4 Qxa4 34.
Qxa4 Bxa4 35. Rd4 Bd7 36. g4 Rc1+ 37. Kh2 Rc3 38. Bf1 g5 39. Rb4 Rc6 40. Rd4
Rc5 41. Bg2 Rc3 42. Bxe4 Nxe4 43. Rxe4 Rd3 44. h4 gxh4 45. Re5 Rxd6 46. Rh5 Rf6
47. Kg1 Kg7 48. Rxh4 Rf4 49. Kg2 Bc6+ 50. Kf1 Bd7 51. Kg2 Bc6+ 52. Kf1 1/2-1/2

[Event "46. Toreno La Roda 2019"]
[Site "La Roda ESP"]
[Date "2019.04.20"]
[Round "6.3"]
[White "Mogranzini, Roberto"]
[Black "Grachev, Boris"]
[Result "1/2-1/2"]
[WhiteElo "2449"]
[BlackElo "2618"]
[PlyCount "52"]
[EventDate "2019.04.17"]
[EventType "swiss"]
[EventRounds "9"]
[EventCountry "ESP"]
[SourceTitle "Ajedrez en Madrid"]
[Source "lmi"]
[SourceDate "2019.04.17"]
[SourceVersion "1"]
[SourceVersionDate "2019.04.22"]
[SourceQuality "1"]

1. Nf3 Nf6 2. b3 g6 3. Bb2 Bg7 4. g3 b6 5. Bg2 Bb7 6. c4 c5 7. O-O O-O 8. d4
cxd4 9. Qxd4 Na6 10. Qd2 d5 11. Na3 dxc4 12. Nxc4 Qxd2 13. Nfxd2 Bxg2 14. Kxg2
Rfd8 15. Bxf6 Bxf6 16. Rad1 b5 17. Na3 Nc7 18. Ne4 Bb2 19. Nc2 Ne6 20. f4 f5
21. Nf2 Rdc8 22. Rd2 Bc3 23. Rd7 Bf6 24. Nb4 Nc5 25. Rdd1 e6 26. Rc1 a5 1/2-1/2

[Event "46. Toreno La Roda 2019"]
[Site "La Roda ESP"]
[Date "2019.04.20"]
[Round "6.4"]
[White "Martinez Reyes, Pedro Ramon"]
[Black "Popov, Ivan"]
[Result "0-1"]
[WhiteElo "2404"]
[BlackElo "2585"]
[PlyCount "106"]
[EventDate "2019.04.17"]
[EventType "swiss"]
[EventRounds "9"]
[EventCountry "ESP"]
[SourceTitle "Ajedrez en Madrid"]
[Source "lmi"]
[SourceDate "2019.04.17"]
[SourceVersion "1"]
[SourceVersionDate "2019.04.22"]
[SourceQuality "1"]

1. e4 c6 2. d4 d5 3. Nd2 dxe4 4. Nxe4 Bf5 5. Ng3 Bg6 6. Nh3 Nf6 7. Bc4 Nbd7 8.
Nf4 Qc7 9. c3 e6 10. Qf3 c5 11. Nxg6 hxg6 12. Bf4 Bd6 13. Bxd6 Qxd6 14. Qxb7
O-O 15. Ne4 Qf4 16. Nxf6+ Nxf6 17. Qf3 Qxf3 18. gxf3 cxd4 19. cxd4 Rfd8 20.
O-O-O Rac8 21. b3 Rd5 22. Kb2 Rh5 23. h4 Kf8 24. Rdg1 Rf5 25. Rh3 Rf4 26. Kc3
Nd5+ 27. Kd3 Rd8 28. Bxd5 Rxd5 29. Rg4 Rdxd4+ 30. Ke3 Rxg4 31. fxg4 Rxg4 32. h5
g5 33. h6 gxh6 34. Rxh6 Kg7 35. Rh1 Rb4 36. Rc1 Rb5 37. Rc6 a5 38. Ra6 Kg6 39.
Kf3 Kf5 40. Kg2 e5 41. a4 Rxb3 42. Rxa5 Kf4 43. Ra8 e4 44. a5 Rb2 45. Kg1 Ra2
46. a6 g4 47. Rf8 f5 48. Rf6 Ra1+ 49. Kg2 Ra5 50. Rg6 Ra2 51. a7 Rxa7 52. Rb6
Ra3 53. Rb2 g3 0-1

[Event "46. Toreno La Roda 2019"]
[Site "La Roda ESP"]
[Date "2019.04.20"]
[Round "6.5"]
[White "Forcen Esteban, Daniel"]
[Black "Espinosa Aranda, Angel"]
[Result "1-0"]
[WhiteElo "2567"]
[BlackElo "2482"]
[PlyCount "87"]
[EventDate "2019.04.17"]
[EventType "swiss"]
[EventRounds "9"]
[EventCountry "ESP"]
[SourceTitle "Ajedrez en Madrid"]
[Source "lmi"]
[SourceDate "2019.04.17"]
[SourceVersion "1"]
[SourceVersionDate "2019.04.22"]
[SourceQuality "1"]

1. c4 c5 2. Nc3 g6 3. g3 Bg7 4. Bg2 Nc6 5. a3 a5 6. d3 e6 7. e4 Nge7 8. h4 h5
9. Bg5 d6 10. Nge2 Nd4 11. Rb1 f6 12. Be3 e5 13. O-O O-O 14. b4 axb4 15. axb4
b6 16. Bd2 Nxe2+ 17. Nxe2 Bg4 18. f3 Be6 19. b5 Qd7 20. Ra1 Qb7 21. Nc3 Rxa1
22. Qxa1 f5 23. Qc1 fxe4 24. fxe4 Rxf1+ 25. Qxf1 Kh7 26. Bg5 Ng8 27. Bh3 Bxh3
28. Qxh3 Qa7 29. Nd5 Nh6 30. Bxh6 Kxh6 31. Qf1 Kh7 32. Qf3 Kh6 33. Kg2 Kh7 34.
Kh3 Kg8 35. g4 hxg4+ 36. Qxg4 Qa3 37. Qxg6 Qxd3+ 38. Kg4 Qe2+ 39. Kf5 Kh8 40.
Qe8+ Kh7 41. Qg6+ Kh8 42. Ke6 Qxc4 43. Qf5 Qc1 44. Kf7 1-0

[Event "46. Toreno La Roda 2019"]
[Site "La Roda ESP"]
[Date "2019.04.20"]
[Round "6.6"]
[White "Grigoryan, Karen H."]
[Black "Gonzalez Trigal, Jose Luis"]
[Result "1-0"]
[WhiteElo "2545"]
[BlackElo "2351"]
[PlyCount "119"]
[EventDate "2019.04.17"]
[EventType "swiss"]
[EventRounds "9"]
[EventCountry "ESP"]
[SourceTitle "Ajedrez en Madrid"]
[Source "lmi"]
[SourceDate "2019.04.17"]
[SourceVersion "1"]
[SourceVersionDate "2019.04.22"]
[SourceQuality "1"]

1. e4 e5 2. Nc3 Nf6 3. g3 d5 4. exd5 Nxd5 5. Bg2 Nxc3 6. bxc3 Nc6 7. Nf3 Bc5 8.
O-O O-O 9. d3 Bb6 10. Nd2 Be6 11. c4 Qd7 12. Ba3 Rfe8 13. Nb3 a5 14. Rb1 Bh3
15. Bxh3 Qxh3 16. c5 Ba7 17. Nd2 Rab8 18. Ne4 b5 19. cxb6 Bxb6 20. c3 h6 21.
Nd2 Rbd8 22. Qa4 Re6 23. Qe4 Kh8 24. Kh1 f5 25. Qe2 Ne7 26. Bxe7 Rxe7 27. Nc4
e4 28. Rfd1 Rf8 29. Rb5 f4 30. Ne5 Re6 31. gxf4 Rxf4 32. d4 Ref6 33. f3 exf3
34. Qf2 Re4 35. Qf1 Qxf1+ 36. Rxf1 Re3 37. Ng4 Rxc3 38. Nxf6 gxf6 39. d5 Rd3
40. Rb3 Rxb3 41. axb3 f2 42. Kg2 Kg7 43. Rc1 Kf7 44. Rc6 Ke7 45. d6+ Kd7 46.
dxc7 f1=Q+ 47. Kxf1 Bxc7 48. Rxf6 Bxh2 49. Rxh6 Bd6 50. Ke2 a4 51. bxa4 Kc7 52.
a5 Bf4 53. Rb6 Be5 54. Kd3 Bg3 55. Kc4 Be1 56. Rb5 Bf2 57. Kd5 Be3 58. a6 Bf2
59. Rb7+ Kc8 60. Kc6 1-0

[Event "46. Toreno La Roda 2019"]
[Site "La Roda ESP"]
[Date "2019.04.20"]
[Round "6.7"]
[White "Torres Sanchez, Jose"]
[Black "Sivuk, Vitaly"]
[Result "1/2-1/2"]
[WhiteElo "2200"]
[BlackElo "2523"]
[PlyCount "160"]
[EventDate "2019.04.17"]
[EventType "swiss"]
[EventRounds "9"]
[EventCountry "ESP"]
[SourceTitle "Ajedrez en Madrid"]
[Source "lmi"]
[SourceDate "2019.04.17"]
[SourceVersion "1"]
[SourceVersionDate "2019.04.22"]
[SourceQuality "1"]

1. Nf3 c5 2. e4 d6 3. d4 cxd4 4. Nxd4 Nf6 5. Nc3 a6 6. Be2 e5 7. Nb3 Be7 8. O-O
O-O 9. f4 b5 10. a4 b4 11. Nd5 Nxd5 12. exd5 a5 13. Bb5 Nd7 14. c3 bxc3 15.
bxc3 Bf6 16. Ra2 Ba6 17. c4 Nb6 18. Bxa6 Rxa6 19. c5 dxc5 20. Nxc5 Ra7 21. d6
Nc4 22. Qd5 Nxd6 23. fxe5 Nc8 24. Qxd8 Bxd8 25. Ne4 Bb6+ 26. Kh1 Rd8 27. g3 h6
28. Rb2 Rc7 29. Rb5 Rc4 30. Nd6 Nxd6 31. Rxb6 Ne4 32. Rb7 f6 33. exf6 Nxf6 34.
Bxh6 Rd7 35. Rxd7 Nxd7 36. Bf4 Rxa4 37. Rc1 Kf7 38. Kg2 Ra2+ 39. Kf3 a4 40. h4
a3 41. Rc7 Ke8 42. Ra7 Ra1 43. Kg4 a2 44. Kg5 Nc5 45. Kg6 Ne6 46. Bg5 Nd4 47.
g4 Rg1 48. Rxa2 Rxg4 49. Ra8+ Kd7 50. Ra7+ Ke6 51. Re7+ Kd6 52. Rxg7 Rg1 53.
Rf7 Rg3 54. Rf4 Nf3 55. Ra4 Nxh4+ 56. Rxh4 Rg1 57. Re4 Rf1 58. Bf4+ Kd5 59. Kf5
Rd1 60. Re8 Rd3 61. Be3 Kc6 62. Ke4 Rd6 63. Bd4 Kd7 64. Rh8 Re6+ 65. Be5 Re8
66. Rh1 Ke6 67. Rh6+ Kd7 68. Kd5 Re7 69. Ra6 Rf7 70. Ra8 Ke7 71. Rb8 Kd7 72.
Rh8 Ke7 73. Rh6 Kd7 74. Rd6+ Ke7 75. Re6+ Kd7 76. Bf6 Rh7 77. Ra6 Rf7 78. Ke5
Ke8 79. Ra8+ Kd7 80. Rh8 Kc6 1/2-1/2

[Event "46. Toreno La Roda 2019"]
[Site "La Roda ESP"]
[Date "2019.04.20"]
[Round "6.8"]
[White "Burmakin, Vladimir"]
[Black "Cabezas Ayala, Ivan"]
[Result "1-0"]
[WhiteElo "2495"]
[BlackElo "2312"]
[PlyCount "103"]
[EventDate "2019.04.17"]
[EventType "swiss"]
[EventRounds "9"]
[EventCountry "ESP"]
[SourceTitle "Ajedrez en Madrid"]
[Source "lmi"]
[SourceDate "2019.04.17"]
[SourceVersion "1"]
[SourceVersionDate "2019.04.22"]
[SourceQuality "1"]

1. Nf3 Nf6 2. d4 g6 3. Bf4 Bg7 4. e3 O-O 5. Be2 c5 6. O-O b6 7. a4 Bb7 8. h3 d6
9. Bh2 a6 10. c3 Nbd7 11. Qb3 Qc7 12. Rd1 Rac8 13. Na3 cxd4 14. exd4 Qb8 15.
Nc2 Qa8 16. Ne3 Nd5 17. Nxd5 Bxd5 18. c4 Bxf3 19. Bxf3 Qa7 20. Bf4 Qc7 21. Rac1
e5 22. Be3 Rcd8 23. dxe5 Bxe5 24. Qa3 a5 25. b4 axb4 26. Qxb4 Nc5 27. Rc2 Rb8
28. Ra2 Qe7 29. Qd2 Ne6 30. Rb1 Nc5 31. Re1 Qc7 32. Qd5 Ne6 33. Qd3 Nc5 34. Qd2
Rfe8 35. Rd1 Ne6 36. Bd5 Nc5 37. g3 Bg7 38. h4 h5 39. Bf3 Be5 40. Kg2 Qe7 41.
Bc6 Rec8 42. Bd5 Bf6 43. Re1 Qf8 44. Bf4 Rd8 45. Ra3 Kh7 46. Rf3 Rd7 47. Bc6
Rdd8 48. Bg5 Bxg5 49. Qxg5 Nd7 50. Rxf7+ Qxf7 51. Re7 Ne5 52. f4 1-0

[Event "46. Toreno La Roda 2019"]
[Site "La Roda ESP"]
[Date "2019.04.20"]
[Round "6.9"]
[White "Ladron De Guevara Pinto, Paolo"]
[Black "Palacios Herrero, Pablo"]
[Result "1/2-1/2"]
[WhiteElo "2429"]
[BlackElo "2203"]
[PlyCount "67"]
[EventDate "2019.04.17"]
[EventType "swiss"]
[EventRounds "9"]
[EventCountry "ESP"]
[SourceTitle "Ajedrez en Madrid"]
[Source "lmi"]
[SourceDate "2019.04.17"]
[SourceVersion "1"]
[SourceVersionDate "2019.04.22"]
[SourceQuality "1"]

1. Nf3 d5 2. b3 Nf6 3. Bb2 e6 4. e3 c5 5. c4 Nc6 6. Be2 d4 7. exd4 cxd4 8. d3
e5 9. O-O Bd6 10. a3 a5 11. Nbd2 O-O 12. Re1 Bc7 13. c5 Nd5 14. Rc1 f5 15. Bf1
Qf6 16. Nc4 Bd7 17. b4 axb4 18. axb4 Ndxb4 19. Nfxe5 Nxe5 20. Nxe5 Bxe5 21.
Qb3+ Kh8 22. Qxb4 Bc6 23. Ra1 Rxa1 24. Bxa1 Re8 25. Qd2 Qf8 26. Qb4 Qf6 27. Re2
Bxh2+ 28. Kxh2 Rxe2 29. Bxe2 Qh6+ 30. Kg1 Qc1+ 31. Bf1 Qxa1 32. Qc4 Qc3 33. Qe6
g6 34. Qf6+ 1/2-1/2

[Event "46. Toreno La Roda 2019"]
[Site "La Roda ESP"]
[Date "2019.04.20"]
[Round "6.11"]
[White "Gines Esteo, Pedro Antonio"]
[Black "Arroyo Rodriguez, Jesus"]
[Result "1-0"]
[WhiteElo "2399"]
[BlackElo "2113"]
[PlyCount "75"]
[EventDate "2019.04.17"]
[EventType "swiss"]
[EventRounds "9"]
[EventCountry "ESP"]
[SourceTitle "Ajedrez en Madrid"]
[Source "lmi"]
[SourceDate "2019.04.17"]
[SourceVersion "1"]
[SourceVersionDate "2019.04.22"]
[SourceQuality "1"]

1. Nf3 Nf6 2. g3 g6 3. Bg2 Bg7 4. b3 d6 5. Bb2 e5 6. O-O O-O 7. c4 c5 8. Nc3
Nc6 9. d3 Ne8 10. Ne1 Nc7 11. a3 f5 12. Nd5 Ne6 13. f4 g5 14. e3 Kh8 15. Nc2
Bd7 16. b4 Rb8 17. Qd2 b5 18. Bc3 gxf4 19. gxf4 Rg8 20. Kh1 Be8 21. cxb5 Rxb5
22. a4 cxb4 23. axb5 bxc3 24. Nxc3 Na5 25. Bd5 Nc5 26. Bxg8 Kxg8 27. Rg1 Bg6
28. Rxg6 hxg6 29. Rg1 exf4 30. Nd5 f3 31. Nd4 Nab3 32. Nxb3 Nxb3 33. Qa2 Nc5
34. Ne7+ Kh7 35. Qf7 Qf8 36. Qxg6+ Kh8 37. Qh5+ Bh6 38. Ng6+ 1-0

[Event "46. Toreno La Roda 2019"]
[Site "La Roda ESP"]
[Date "2019.04.20"]
[Round "6.12"]
[White "Jimenez Martinez, Jose Vicente"]
[Black "Suarez Uriel, Adrian"]
[Result "1-0"]
[WhiteElo "2243"]
[BlackElo "2397"]
[PlyCount "155"]
[EventDate "2019.04.17"]
[EventType "swiss"]
[EventRounds "9"]
[EventCountry "ESP"]
[SourceTitle "Ajedrez en Madrid"]
[Source "lmi"]
[SourceDate "2019.04.17"]
[SourceVersion "1"]
[SourceVersionDate "2019.04.22"]
[SourceQuality "1"]

1. d4 Nf6 2. c4 g6 3. Nc3 Bg7 4. e4 d6 5. f3 Nc6 6. Be3 a6 7. Nge2 Rb8 8. Nc1
e5 9. d5 Nd4 10. Nb3 c5 11. dxc6 bxc6 12. Nxd4 exd4 13. Bxd4 c5 14. Be3 Rxb2
15. Qc1 Qa5 16. Qxb2 Nxe4 17. Rc1 Bxc3+ 18. Rxc3 Qxc3+ 19. Qxc3 Nxc3 20. a3 Bf5
21. g4 Be6 22. Kd2 Na4 23. Be2 Kd7 24. Rb1 Kc7 25. Bf4 Rd8 26. Kc2 Nb6 27. Bd2
Kc6 28. Ba5 Rb8 29. Rxb6+ Rxb6 30. Bxb6 Kxb6 31. g5 Kc6 32. Kc3 a5 33. f4 d5
34. cxd5+ Bxd5 35. h4 Kd6 36. Bg4 Bg2 37. Kc4 Bf1+ 38. Kc3 Kc6 39. Bf3+ Kd6 40.
Bg4 Ke7 41. Bf3 Kd6 42. Bg4 Bg2 43. Kc4 Bd5+ 44. Kc3 Ke7 45. Be2 f6 46. Bg4
fxg5 47. hxg5 Kd6 48. Be2 Be4 49. Bc4 Bd5 50. Be2 Kc6 51. Bd3 Be6 52. Be2 Bh3
53. Bc4 Bf5 54. Kd2 Kd6 55. Kc3 Be6 56. Be2 Ba2 57. Bg4 Be6 58. Bf3 Bh3 59. Kc4
Bf1+ 60. Kc3 Ke6 61. Bg4+ Kd6 62. Bf3 Bb5 63. Bg2 Be2 64. Be4 Ke6 65. Kd2 Bb5
66. Kc3 Bf1 67. Kb3 Bb5 68. Kc3 a4 69. Bc2 Be2 70. Be4 Bf1 71. Bc2 c4 72. Kd4
Be2 73. Bxa4 Bf3 74. Bc2 Bd5 75. Be4 Bxe4 76. Kxe4 c3 77. Kd3 Kf5 78. a4 1-0

[Event "46. Toreno La Roda 2019"]
[Site "La Roda ESP"]
[Date "2019.04.20"]
[Round "6.13"]
[White "Valmana Canto, Jaime"]
[Black "Guerra Arrocha, Daniel"]
[Result "1-0"]
[WhiteElo "2377"]
[BlackElo "2065"]
[PlyCount "72"]
[EventDate "2019.04.17"]
[EventType "swiss"]
[EventRounds "9"]
[EventCountry "ESP"]
[SourceTitle "Ajedrez en Madrid"]
[Source "lmi"]
[SourceDate "2019.04.17"]
[SourceVersion "1"]
[SourceVersionDate "2019.04.22"]
[SourceQuality "1"]

1. Nf3 Nf6 2. g3 g6 3. Bg2 Bg7 4. O-O O-O 5. d4 d5 6. c4 c6 7. Ne5 dxc4 8. Na3
Be6 9. Naxc4 Nbd7 10. e4 Ng4 11. Nxd7 Qxd7 12. d5 cxd5 13. exd5 Bf5 14. f3 b5
15. Na5 Ne5 16. g4 Bd3 17. Re1 Qc7 18. Bf4 Bc2 19. Qd2 Rac8 20. Nc6 Qb6+ 21.
Be3 Qb7 22. Qxc2 Nxc6 23. dxc6 Rxc6 24. Qf2 Qc7 25. Rac1 Rd8 26. Rxc6 Qxc6 27.
Bxa7 Qc4 28. b3 Qc3 29. Be3 Rd3 30. Bf1 Rxe3 31. Rxe3 Qa1 32. Rd3 Bf6 33. f4 b4
34. h4 Bc3 35. h5 Be1 36. Rd8+ Kg7 1-0

[Event "46. Toreno La Roda 2019"]
[Site "La Roda ESP"]
[Date "2019.04.20"]
[Round "6.14"]
[White "Aguilera Lopez, Alejandro"]
[Black "Merario Alarcon, Andres"]
[Result "0-1"]
[WhiteElo "2194"]
[BlackElo "2399"]
[PlyCount "66"]
[EventDate "2019.04.17"]
[EventType "swiss"]
[EventRounds "9"]
[EventCountry "ESP"]
[SourceTitle "Ajedrez en Madrid"]
[Source "lmi"]
[SourceDate "2019.04.17"]
[SourceVersion "1"]
[SourceVersionDate "2019.04.22"]
[SourceQuality "1"]

1. e3 d5 2. b3 e5 3. Bb2 Bd6 4. c4 c6 5. Nf3 Nd7 6. cxd5 cxd5 7. Nc3 Ne7 8. Rc1
a6 9. d4 e4 10. Ne5 O-O 11. f4 exf3 12. Nxf3 Nf5 13. Qd3 Nxe3 14. Qxe3 Re8 15.
Qxe8+ Qxe8+ 16. Kf2 Nf6 17. Re1 Qd8 18. Bd3 Bf4 19. g3 Bh6 20. h3 b5 21. Ne5
Qb6 22. Nd1 Ne4+ 23. Kg2 Qd6 24. Nf2 Bb7 25. Nxe4 dxe4 26. Be2 f6 27. Ng4 Bd2
28. Rd1 e3+ 29. Bf3 Bxf3+ 30. Kxf3 Qd5+ 31. Ke2 Qg2+ 32. Kd3 Bb4 33. Nxe3 Qxb2
0-1

[Event "46. Toreno La Roda 2019"]
[Site "La Roda ESP"]
[Date "2019.04.20"]
[Round "6.15"]
[White "Carrascoso Morales, Abel"]
[Black "Martin Duque, Jesus"]
[Result "1/2-1/2"]
[WhiteElo "2204"]
[BlackElo "2386"]
[PlyCount "92"]
[EventDate "2019.04.17"]
[EventType "swiss"]
[EventRounds "9"]
[EventCountry "ESP"]
[SourceTitle "Ajedrez en Madrid"]
[Source "lmi"]
[SourceDate "2019.04.17"]
[SourceVersion "1"]
[SourceVersionDate "2019.04.22"]
[SourceQuality "1"]

1. d4 Nf6 2. c4 e6 3. Nc3 Bb4 4. e3 O-O 5. Nge2 d5 6. a3 Be7 7. Nf4 c6 8. cxd5
exd5 9. Bd3 Nbd7 10. g4 Re8 11. Qf3 Nf8 12. g5 Ne4 13. Bxe4 dxe4 14. Nxe4 Bxg5
15. Nxg5 Qxg5 16. h4 Qf6 17. Bd2 Ne6 18. O-O-O Nxf4 19. Qxf4 Qxf4 20. exf4 Bf5
21. Rde1 f6 22. Re3 Re4 23. Rxe4 Bxe4 24. Re1 Re8 25. Bb4 Kf7 26. Kd2 b6 27.
Re3 a5 28. Bd6 a4 29. Bc7 b5 30. f3 Bf5 31. Rxe8 Kxe8 32. Ba5 Kf7 33. Ke3 Kg6
34. Kf2 Kh5 35. Kg3 Kg6 36. Bb4 Kf7 37. Kf2 Ke6 38. Ke3 Bb1 39. Bc3 Kd5 40. Bb4
Ke6 41. Kf2 h5 42. Ke3 Bf5 43. Bf8 Kf7 44. Bb4 Ke6 45. Bf8 Kf7 46. Bb4 Ke6
1/2-1/2

[Event "46. Toreno La Roda 2019"]
[Site "La Roda ESP"]
[Date "2019.04.20"]
[Round "6.16"]
[White "Perez Ordonez, Jose Ramon"]
[Black "Lopez Mulet, Inigo"]
[Result "0-1"]
[WhiteElo "2161"]
[BlackElo "2368"]
[PlyCount "86"]
[EventDate "2019.04.17"]
[EventType "swiss"]
[EventRounds "9"]
[EventCountry "ESP"]
[SourceTitle "Ajedrez en Madrid"]
[Source "lmi"]
[SourceDate "2019.04.17"]
[SourceVersion "1"]
[SourceVersionDate "2019.04.22"]
[SourceQuality "1"]

1. d4 Nf6 2. c4 c5 3. d5 b5 4. Nf3 Bb7 5. a4 Qa5+ 6. Qd2 b4 7. Qf4 d6 8. e4 g6
9. Bd3 Bg7 10. O-O Nbd7 11. Nbd2 O-O-O 12. Nb3 Qc7 13. a5 a6 14. Qd2 h6 15. Nh4
g5 16. Nf5 Bf8 17. f4 gxf4 18. Qxf4 e6 19. Ng3 Be7 20. Be2 Ne5 21. Be3 h5 22.
Nd2 h4 23. Nh1 Rdg8 24. Nf2 Ng6 25. Qf3 h3 26. g3 Nh4 27. Qh1 Ng2 28. Nd1 Nd7
29. Bf3 Nxe3 30. Nxe3 Ne5 31. Kf2 Bg5 32. Ke2 exd5 33. cxd5 Bxe3 34. Kxe3 Qe7
35. Rfd1 Bxd5 36. Rac1 f5 37. Qf1 fxe4 38. Bxe4 Ng4+ 39. Kd3 Rf8 40. Bf5+ Be6
41. Bxe6+ Qxe6 42. Qe1 Nf2+ 43. Kc2 Qf5+ 0-1

[Event "46. Toreno La Roda 2019"]
[Site "La Roda ESP"]
[Date "2019.04.20"]
[Round "6.19"]
[White "Ramiro Ovejero, Juan Luis"]
[Black "Rodriguez Garcia, Manuel Fco"]
[Result "1/2-1/2"]
[WhiteElo "2337"]
[BlackElo "2152"]
[PlyCount "42"]
[EventDate "2019.04.17"]
[EventType "swiss"]
[EventRounds "9"]
[EventCountry "ESP"]
[SourceTitle "Ajedrez en Madrid"]
[Source "lmi"]
[SourceDate "2019.04.17"]
[SourceVersion "1"]
[SourceVersionDate "2019.04.22"]
[SourceQuality "1"]

1. e4 c5 2. Nf3 Nc6 3. Bb5 g6 4. Bxc6 bxc6 5. O-O Bg7 6. Re1 Nh6 7. c3 O-O 8.
d4 cxd4 9. cxd4 d5 10. e5 f6 11. e6 Qd6 12. Qe2 c5 13. dxc5 Qxc5 14. b3 Nf5 15.
Bb2 Rd8 16. Nc3 d4 17. Na4 Qb4 18. Rad1 Rd6 19. Qc4 Qxc4 20. bxc4 Rxe6 21. Nxd4
Nxd4 1/2-1/2

[Event "46. Toreno La Roda 2019"]
[Site "La Roda ESP"]
[Date "2019.04.20"]
[Round "6.20"]
[White "Martinez Fernandez, Adrian"]
[Black "Santos, Antonio P"]
[Result "1/2-1/2"]
[WhiteElo "2318"]
[BlackElo "2138"]
[PlyCount "124"]
[EventDate "2019.04.17"]
[EventType "swiss"]
[EventRounds "9"]
[EventCountry "ESP"]
[SourceTitle "Ajedrez en Madrid"]
[Source "lmi"]
[SourceDate "2019.04.17"]
[SourceVersion "1"]
[SourceVersionDate "2019.04.22"]
[SourceQuality "1"]

1. e4 c6 2. d4 d5 3. Nc3 dxe4 4. Nxe4 Bf5 5. Ng3 Bg6 6. Nh3 e6 7. Bc4 Nf6 8.
O-O Bd6 9. f4 Qd7 10. Ng5 O-O 11. Qe2 Re8 12. N3e4 Nxe4 13. Nxe4 Be7 14. c3 Qc7
15. Ng5 Nd7 16. h4 Nf6 17. Bb3 Bd6 18. Bc2 Bxc2 19. Qxc2 h6 20. Ne4 Nxe4 21.
Qxe4 c5 22. Be3 cxd4 23. Bxd4 e5 24. fxe5 Bxe5 25. Bxe5 Rxe5 26. Qf4 Rae8 27.
Rad1 Qb6+ 28. Qf2 Qxf2+ 29. Rxf2 R8e7 30. Rfd2 g6 31. Rd7 Kg7 32. Rxe7 Rxe7 33.
Kf2 Kf6 34. Kf3 h5 35. c4 Rc7 36. b3 Ke6 37. Ke4 Rc5 38. Rd8 Re5+ 39. Kd3 Ra5
40. a4 b6 41. Kd4 f6 42. g3 Rf5 43. Ra8 Rf3 44. Rxa7 Rxb3 45. Ra6 Kf5 46. a5
bxa5 47. c5 Rb1 48. c6 Rd1+ 49. Kc5 Kg4 50. Rxa5 Rd8 51. Ra3 g5 52. hxg5 fxg5
53. Kb6 h4 54. gxh4 gxh4 55. Kb7 h3 56. Ra4+ Kf3 57. Ra3+ Kg2 58. c7 Rd7 59.
Kc6 Rxc7+ 60. Kxc7 h2 61. Ra2+ Kg1 62. Rxh2 Kxh2 1/2-1/2